Central Library OPAC University of Rajshahi

The British voter : (Record no. 51861)

MARC details
000 -LEADER
fixed length control field 00687nam a22002411 4500
001 - CONTROL NUMBER
control field 51861
003 - CONTROL NUMBER IDENTIFIER
rucl marc code BD-RjUL
005 - DATE AND TIME OF LATEST TRANSACTION
control field 20211209075724.0
008 - FIXED-LENGTH DATA ELEMENTS--GENERAL INFORMATION
fixed length control field 160904s1968 enkb b 000 0 eng
035 ## - SYSTEM CONTROL NUMBER
System control number (BD-RjUL) 51981
040 ## - CATALOGING SOURCE
Original cataloging agency DLC
Transcribing agency DLC
Modifying agency DLC
Language of cataloging eng
041 ## - LANGUAGE CODE
Language code of text/sound track or separate title eng
082 00 - DEWEY DECIMAL CLASSIFICATION NUMBER
Classification number 324.941
Edition number 22
Author mark and year KIB 1968
100 1# - MAIN ENTRY--PERSONAL NAME
Personal name Kinnear, Michael.
9 (RLIN) 155132
245 14 - TITLE STATEMENT
Title The British voter :
Remainder of title an atlas and survey since 1885 /
Statement of responsibility, etc. Michael Kinnear
260 ## - PUBLICATION, DISTRIBUTION, ETC. (IMPRINT)
Place of publication, distribution, etc. London :
Name of publisher, distributor, etc. Batsford,
Date of publication, distribution, etc. 1968.
300 ## - PHYSICAL DESCRIPTION
Pagination 158 p. :
Illustrations ill. ;
Size 31 cm.
350 ## - PRICE (NR) (BK AM CF MU VM SE) [OBSOLETE]
Price 5/5/-
504 ## - BIBLIOGRAPHY, ETC. NOTE
Bibliography, etc Bibliography: p. 139-141.
610 10 - SUBJECT ADDED ENTRY--CORPORATE NAME
Corporate name or jurisdiction name as entry element Great Britain.
Subordinate unit Parliament
942 ## - ADDED ENTRY ELEMENTS (KOHA)
Source of classification or shelving scheme Dewey Decimal Classification
Koha item type Books
Holdings
Lost status Source of classification or shelving scheme Damaged status Not for loan Collection code Permanent Location Current Location Shelving location Date acquired Source of acquisition Cost, normal purchase price Total Checkouts Full call number Date last seen Copy number Koha item type
  Dewey Decimal Classification     Non-fiction Central Library, University of Rajshahi Central Library, University of Rajshahi   01/07/1974 Euro-pak news agency, Dacca. 131.25   324.941 KIB 1968 04/09/2016 C-2 Books